| 000 | 00614nam a2200205 4500 | ||
|---|---|---|---|
| 001 | 10716 | ||
| 005 | 20230410121149.0 | ||
| 008 | 060907n1999 dr spa | ||
| 020 | _a284200194X | ||
| 035 | _9funglode10800 | ||
| 041 | _aFR | ||
| 050 | 1 | 4 | _aJX 3375 R673e 1999 |
| 100 | _aRoche, Catherine | ||
| 245 | 1 |
_aL'essentiel du droit international public et du droit des relations internationales / _cCatherine Roche, Aurélia Potot-Nicol |
|
| 260 |
_aParis : _bGualino éditeur, _c1999 |
||
| 300 | _a102 p. | ||
| 440 |
_aLes carrés ; _v18 |
||
| 700 | _aPotot-Nicol, Aurélia | ||
| 942 |
_2lcc _cbk |
||
| 999 |
_c59215 _d59215 |
||